000 00720nam a2200217Ia 4500
003 GCL
008 140319s9999 xx 000 0 ara d
040 _aGCL /
_cGCL
082 0 4 _aق
_b299.31
_bب ا
100 1 _aبدج، السير والس
245 1 0 _aالهة المصريين /
_cبدج، السير والس
700 1 _aمحمد حسين يونس
260 _aالقاهرة :
_bمكتبة مدبولى ،
_c1998
300 _a645 ص:
_bايض ؛
_c24 سم
490 _aصفحات من تاريخ مصر الفرعونية
_v0
650 0 4 _aتاريخ
650 0 4 _aمصر القديمة
650 0 4 _aالفراعنة
650 0 4 _aالديانات المصرية القديمة
942 _2ddc
_cBK
999 _c38844
_d38844